| 000 | 00346nam a22001457a 4500 | ||
|---|---|---|---|
| 003 | OSt | ||
| 005 | 20231202071201.0 | ||
| 008 | 231202b |||||||| |||| 00| 0 eng d | ||
| 040 | _cIIMT UNIVERSITY | ||
| 100 | _aPADOHAR, HANUMANPRASAD | ||
| 245 | _aKALYAN AAROGYANK | ||
| 260 |
_aGORAKHPUR _bGEETA PRESS _c2001 |
||
| 300 | _a548 | ||
| 942 |
_2ddc _c09 |
||
| 999 |
_c57745 _d57745 |
||